Państwa Unii Europejskiej - Sprint - Statystyki

Ogólne statystyki
  • Ten quiz został rozwiązany 12 razy
  • Średni wynik to 16 z 27
Statystyki odpowiedzi
Rok Dołączenia Państwo % Poprawnych
1958 Francja
100%
2004 Polska
100%
1958 Belgia
89%
1958 Holandia
89%
1958 Niemcy
89%
2004 Czechy
78%
1973 Dania
78%
2004 Litwa
78%
2004 Łotwa
78%
1995 Szwecja
78%
1958 Włochy
78%
2004 Estonia
67%
1986 Hiszpania
67%
1995 Austria
56%
1995 Finlandia
56%
1986 Portugalia
56%
2004 Słowacja
56%
1981 Grecja
44%
2004 Słowenia
44%
2013 Chorwacja
33%
1973 Irlandia
33%
1958 Luksemburg
33%
2004 Malta
22%
2007 Rumunia
22%
2004 Węgry
22%
2007 Bułgaria
11%
2004 Cypr
11%
Nie znaleziono quizów pasujących do podanych kryteriów
Rozkład punktacji
Procent ludzi z każdym wynikiem
Percentyl według liczby udzielonych odpowiedzi
Twoja historia wyników
Nie rozwiązałeś tego quizu